000 01029nam a22002897a 4500
001 3686
003 FISKH
005 20250303100133.0
008 240410b cb ||||| |||| 00| 0 eng d
020 _a9780545985970
040 _aFISKH
_beng
_cFISKH
_dFISKH
050 _aPZ7.W55
082 _a464
100 _aRichards, Nancy Wilcox
245 _aHow to handle a bully /
_cby Nancy Wilcox Richards ; illustrations by David Sourwine
260 _aNew York :
_bScholastic,
_c2010.
300 _a92 pages :
_billustrations ;
_c20 cm
505 _aG
520 _aRilla, working hard training for the annual fitness challenge with the hope of winning the grand prize, deals with bullies on the playground while she tries to prepare for the event and also worries she will not win.
521 8 _a420
_bLexile estimate
521 8 _aG
_bRaz-Plus
650 _aSourwine
_xDavid
650 _aHow to handle a bully
700 _aSourwine, David
_eillustrator
942 _2ddc
_cKHB
_n0
999 _c3686
_d3686